NBA Players By Letter - L - Statistics

General Stats
  • This quiz has been taken 381 times
  • The average score is 15 of 26
Answer Stats
First Name Surname Team % Correct
Kawhi Leonard San Antonio Spurs
94%
Meyers Leonard Portland Trail Blazers
94%
Brook Lopez Brooklyn Nets
92%
Robin Lopez Chicago Bulls
92%
Jeremy Lin Brooklyn Nets
86%
Damian Lillard Portland Trail Blazers
84%
Kevin Love Cleveland Cavaliers
84%
Kyle Lowry Toronto Raptors
82%
Kevon Looney Golden State Warriors
79%
Shaun Livingston Golden State Warriors
76%
Zach LaVine Minnesota Timberwolves
75%
Caris LeVert Brooklyn Nets
73%
Courtney Lee New York Knicks
70%
David Lee San Antonio Spurs
70%
Alex Len Phoenix Suns
65%
Ty Lawson Sacramento Kings
56%
Jeremy Lamb Charlotte Hornets
51%
Trey Lyles Utah Jaz
49%
Skal Labissiere Sacramento Kings
30%
Timothe Luwawu Philadelphia 76ers
28%
Jake Layman Portland Trail Blazers
25%
Jon Leuer Detroit Pistons
18%
DeAndre Liggins Cleveland Cavaliers
16%
Joffrey Lauvergne Oklahoma City Thunder
14%
John Lucas III Minnesota Timberwolves
12%
Nicolas Laprovittola San Antonio Spurs
3%
No matching quizzes found
Score Distribution
Percent of People with Each Score
Percentile by Number Answered
Your Score History
You have not taken this quiz